Vista normal
Vista MARC
Entrada Autoridad Autor Personal
Número de registros utilizados en: 1
001 - CONTROL NUMBER
- control field: 28037
003 - CONTROL NUMBER IDENTIFIER
- control field: OSt
005 - DATE AND TIME OF LATEST TRANSACTION
- control field: 20231102145932.0
008 - FIXED-LENGTH DATA ELEMENTS
- fixed length control field: 151226|| aca||aabn | a|a d
040 ## - CATALOGING SOURCE
- Original cataloging agency: OSt
- Transcribing agency: OSt
100 ## - HEADING--PERSONAL NAME
- Personal name: Rangel Charles, Juan Antonio.
670 ## - SOURCE DATA FOUND
- Source citation: Work cat.: (OSt)57042: Rangel Charles, Juan Antonio., Derecho de los negocios, , 2007